00708 2200181 4500245003000000020002200030250001100052100001300063700001700076650001700093005001900110260003300129041001400162084001100176300002200187500030800209336000900517 aLoveholiccSasyamrnhText a978-623-10-2083-3 aCet. 1 aSasyamrn aCoconut Team aFiksi Remaja a20250310085328 aJakartabCoconut Booksc2024 aIndonesia a808.83 a348 hlm. :c20 cm aSelalu diabaikan dan ditindas membuat Cleo selalu mendambakan cinta, perhatian serta kasih sayang. Sampai akhirnya dia mendapatkan semua itu dari Galenio Skyler, seseorang yang diperintahkan untuk menjaganya. Seseorang yang tanpa Cleo sadari adalah stalker yang terobsesi padanya sejak tujuh tahun lalu. atext